Democracia, gobernabilidad e identidades sociales. Las Ciencias Sociales hacia el siglo XXI: problematización y respuestas. Memorias
Gardado en:
| Autor Corporativo: | |
|---|---|
| Formato: | Desconocido |
| Publicado: |
Cuenca:
21 Ediciones
|
| Materias: | |
| Etiquetas: |
Engadir etiqueta
Sen Etiquetas, Sexa o primeiro en etiquetar este rexistro!
|
MARC
| LEADER | 00000 a2200000 04500 | ||
|---|---|---|---|
| 001 | 19157 | ||
| 003 | |||
| 008 | 991231s d | ||
| 040 | |||
| 090 | |a 145302 | ||
| 110 | |a Universidad de Cuenca. Instituto de Investigaciones Científicas. Departamento de Cultura | ||
| 245 | |a Democracia, gobernabilidad e identidades sociales. Las Ciencias Sociales hacia el siglo XXI: problematización y respuestas. Memorias | ||
| 260 | |a Cuenca: |b 21 Ediciones | ||
| 300 | |a 195 p.; vol. 2 | ||
| 650 | |a POLITICA | ||
| 650 | |a GRUPOS DE INTERESES | ||
| 650 | |a IDEOLOGIAS POLITICAS | ||
| 999 | |c 13370 |d 13370 | ||
